<?xml version="1.0" encoding="UTF-8"?>
<collection xmlns="http://www.loc.gov/MARC21/slim">
    <record>
        <controlfield tag="001">78703</controlfield>
        <controlfield tag="005">20190326115356.0</controlfield>
        <datafield tag="037" ind1=" " ind2=" ">
            <subfield code="a">TAZ-TFG-2017-3916</subfield>
        </datafield>
        <datafield tag="041" ind1=" " ind2=" ">
            <subfield code="a">spa</subfield>
        </datafield>
        <datafield tag="100" ind1="1" ind2=" ">
            <subfield code="a">Martín Royo, Luis Alejandro</subfield>
        </datafield>
        <datafield tag="242" ind1="0" ind2="0">
            <subfield code="a">Organic farming:  ecological agriculture: analysis of the sector after the last great crisis</subfield>
        </datafield>
        <datafield tag="245" ind1="0" ind2="0">
            <subfield code="a">Agricultura ecológica: análisis del sector tras la última gran crisis</subfield>
        </datafield>
        <datafield tag="260" ind1=" " ind2=" ">
            <subfield code="a">Zaragoza</subfield>
            <subfield code="b">Universidad de Zaragoza</subfield>
            <subfield code="c">2017</subfield>
        </datafield>
        <datafield tag="506" ind1=" " ind2=" ">
            <subfield code="a">by-nc-sa</subfield>
            <subfield code="b">Creative Commons</subfield>
            <subfield code="c">3.0</subfield>
            <subfield code="u">http://creativecommons.org/licenses/by-nc-sa/3.0/</subfield>
        </datafield>
        <datafield tag="520" ind1=" " ind2=" ">
            <subfield code="a">El presente trabajo pretende ofrecer una descripción del sector de agricultura ecológica en España, recopilando datos que sirven para calcular, por medio de diversos indicadores, su peso relativo; así como la evolución seguida en el último decenio. Si bien los cambios socioeconómicos apuntan a un futuro halagüeño para el sector –fundamentado en una buena posición de partida, la recuperación económica y la cada vez mayor conciencia medioambiental de la población–, se detectan una serie de limitaciones a su crecimiento que aún están por solventar. La información analizada permite sugerir una serie de recomendaciones que serían de utilidad para poder materializar el potencial del sector en España, traduciendo su desarrollo en términos de creación de empleo y crecimiento del PIB. El caso de Aragón resulta de especial interés, dado el mayor peso que tradicionalmente ha tenido el sector agrario en la región y su en cambio decepcionante desempeño durante los años de crisis y recuperación. El trabajo aspira por tanto a facilitar la toma de decisiones de aquellos emprendedores que deseen apostar por un sector que mira al futuro desde la base del entorno rural.</subfield>
        </datafield>
        <datafield tag="521" ind1=" " ind2=" ">
            <subfield code="a">Graduado en Finanzas y Contabilidad</subfield>
        </datafield>
        <datafield tag="540" ind1=" " ind2=" ">
            <subfield code="a">Derechos regulados por licencia Creative Commons</subfield>
        </datafield>
        <datafield tag="700" ind1=" " ind2=" ">
            <subfield code="a">Escario Latas, Regina</subfield>
            <subfield code="e">dir.</subfield>
        </datafield>
        <datafield tag="710" ind1="2" ind2=" ">
            <subfield code="a">Universidad de Zaragoza</subfield>
            <subfield code="b">Estructura e Historia Económicas y Economía Pública</subfield>
            <subfield code="c">Economía Aplicada</subfield>
        </datafield>
        <datafield tag="856" ind1="0" ind2=" ">
            <subfield code="f">652268@celes.unizar.es</subfield>
        </datafield>
        <datafield tag="856" ind1="4" ind2=" ">
            <subfield code="s">1053212</subfield>
            <subfield code="u">http://zaguan.unizar.es/record/78703/files/TAZ-TFG-2017-3916.pdf</subfield>
            <subfield code="y">Memoria (spa)</subfield>
        </datafield>
        <datafield tag="909" ind1="C" ind2="O">
            <subfield code="o">oai:zaguan.unizar.es:78703</subfield>
            <subfield code="p">driver</subfield>
            <subfield code="p">trabajos-fin-grado</subfield>
        </datafield>
        <datafield tag="950" ind1=" " ind2=" ">
            <subfield code="a"></subfield>
        </datafield>
        <datafield tag="951" ind1=" " ind2=" ">
            <subfield code="a">deposita:2019-03-26</subfield>
        </datafield>
        <datafield tag="980" ind1=" " ind2=" ">
            <subfield code="a">TAZ</subfield>
            <subfield code="b">TFG</subfield>
            <subfield code="c">ECON</subfield>
        </datafield>
    </record>

    
</collection>